| Tag |
First Indicator |
Second Indicator |
Subfields |
| LEADER |
00000cam a2200000 a 4500 |
| 001 |
in00001004721 |
| 005 |
20150927214815.0 |
| 008 |
900524s1990 enka b 10110 eng |
| 010 |
|
|
|a 90038315
|
| 020 |
|
|
|a 1851665374
|
| 035 |
|
|
|a (OCoLC)21873668
|
| 035 |
|
|
|9 AFD5421AM
|
| 040 |
|
|
|a DLC
|c DLC
|d UtOrBLW
|
| 049 |
|
|
|a TXAM
|
| 050 |
0 |
0 |
|a QC244.2
|b .I57 1990
|
| 082 |
0 |
0 |
|a 534
|2 20
|
| 111 |
2 |
|
|a International Symposium on Nonlinear Acoustics
|n (12th :
|d 1990 :
|c Austin, Tex.)
|
| 245 |
1 |
0 |
|a Frontiers of nonlinear acoustics /
|c 12th ISNA ; edited by M.F. Hamilton and D.T. Blackstock.
|
| 264 |
|
1 |
|a London ;
|a New York :
|b Elsevier Applied Science,
|c [1990]
|
| 264 |
|
4 |
|c ©1990
|
| 300 |
|
|
|a xvi, 641 pages :
|b illustrations ;
|c 25 cm.
|
| 336 |
|
|
|a text
|b txt
|2 rdacontent
|
| 337 |
|
|
|a unmediated
|b n
|2 rdamedia
|
| 338 |
|
|
|a volume
|b nc
|2 rdacarrier
|
| 500 |
|
|
|a "Papers presented at the 12th International Symposium on Nonlinear Acoustics (12th ISNA), Austin, Texas, USA, 27-31 August 1990"--Half title page verso.
|
| 504 |
|
|
|a Includes bibliographical references and index.
|
| 650 |
|
0 |
|a Nonlinear acoustics
|x Congresses.
|
| 700 |
1 |
|
|a Hamilton, M. F.
|
| 700 |
1 |
|
|a Blackstock, David T.
|
| 999 |
|
|
|a MARS
|
| 999 |
f |
f |
|s b84e88c0-bb12-3fd0-abf1-4488543201c8
|i ae29acae-ba2f-350f-b367-b104e53de290
|t 0
|
| 952 |
f |
f |
|p normal
|a Texas A&M University
|b College Station
|c Sterling C. Evans Library
|d Evans: Library Stacks
|t 0
|e QC244.2 .I57 1990
|h Library of Congress classification
|i unmediated -- volume
|m A14814381651
|
| 998 |
f |
f |
|a QC244.2 .I57 1990
|t 0
|l Evans: Library Stacks
|